000
00289nam a2200109Ia 4500
008
220204s9999 xx 000 0 und d
082
_b
BRA
100
_a
Braverman, Jerome D
245
0
_a
Fundamentals of statistical quality control
260
_a
Virginia
_b
Prentice Hall
_c
1981
942
_c
BK
999
_c
36401
_d
36401